कम्प्यूटर विज्ञान / (Record no. 15945)

MARC details
000 -LEADER
fixed length control field 00988nam a22002297a 4500
005 - DATE AND TIME OF LATEST TRANSACTION
control field 20181124162250.0
008 - FIXED-LENGTH DATA ELEMENTS--GENERAL INFORMATION
fixed length control field 080929t xxu||||| |||| 00| 0 hin d
010 ## - LCCN (DPL NO)
LC control number B-284105
020 ## - INTERNATIONAL STANDARD BOOK NUMBER
International Standard Book Number 8190406809
Terms of availability 250.00
035 ## - SYSTEM CONTROL NUMBER
System control number B-284105
035 ## - SYSTEM CONTROL NUMBER
System control number B-244638, B-244631
035 ## - SYSTEM CONTROL NUMBER
System control number B-244618
037 ## - SOURCE OF ACQUISITION
Source of stock number/acquisition BPPD
040 ## - CATALOGING SOURCE
Original cataloging agency DPL
Language of cataloging HN
082 ## - DEWEY DECIMAL CLASSIFICATION NUMBER
Classification number 004
100 ## - MAIN ENTRY--PERSONAL NAME
Personal name नाथावत, शंकर सिंह
9 (RLIN) 40260
245 ## - TITLE STATEMENT
Title कम्प्यूटर विज्ञान /
Statement of responsibility, etc शंकर सिंह नाथावत
260 ## - PUBLICATION, DISTRIBUTION, ETC. (IMPRINT)
Place of publication, distribution, etc जयपुर
Name of publisher, distributor, etc मोनिका पब्लिकेशन
Date of publication, distribution, etc 2007
270 ## - ADDRESS
Address दु.नं.1-2 , अरिहन्त कॉम्प्लेक्स ,माहेश्वरी सेवा सदन के पीछे ,चांदपोल बाजार
City जयपुर
Postal code 302001
300 ## - PHYSICAL DESCRIPTION
Extent 202 पृ.
Other physical details 22 सेमी (सजिल्द)
942 ## - ADDED ENTRY ELEMENTS (KOHA)
Source of classification or shelving scheme Dewey Decimal Classification
Item type Hindi Books
Classification part 004
Call number suffix नाथाव
Holdings
Withdrawn status Lost status Source of classification or shelving scheme Damaged status Not for loan Collection code Home library Current library Date acquired Source of acquisition Cost, normal purchase price Total Checkouts Total Renewals Full call number Barcode Date last seen Copy number Cost, replacement price Koha item type
    Dewey Decimal Classification     Non-fiction Sarojini Nagar Sarojini Nagar 28/01/2012   250.00 1   004 नाथाव B-244638 29/02/2020   250.00 Hindi Books
    Dewey Decimal Classification     Non-fiction Sarojini Nagar Sarojini Nagar 28/01/2012   250.00     004 नाथाव B-244618 28/01/2012   250.00 Hindi Books
    Dewey Decimal Classification     Non-fiction Shahdara Branch Shahdara Branch 24/11/2018 BPPD/PUB 250.00 2   004 नाथाव B-244631 07/09/2020   250.00 Hindi Books
    Dewey Decimal Classification     Non-fiction Vinoba Puri Vinoba Puri 29/09/2008 BPPD / 250.00 13 1 004 नाथाव B-284105 29/03/2012 1 250.00 Hindi Books

© Delhi Public Library
Hit Counter
free hit counter